书目信息 |
| 题名: |
物业管理
|
|
| 作者: | 寿金宝 , 王照雯 主编 | |
| 分册: | ||
| 出版信息: | 北京 机械工业出版社 2007 |
|
| 页数: | 259页 | |
| 开本: | 24cm | |
| 丛书名: | ||
| 单 册: | ||
| 中图分类: | F293.233 | |
| 科图分类: | ||
| 主题词: | 物业管理--中国--高等教育--教材 , 物业管理 | |
| 电子资源: | ||
| ISBN: | 978-7-111-20797-9 | |
| 000 | 00902nam0 2200253 450 | |
| 001 | 1257897203 | |
| 005 | 20121004160629.35 | |
| 010 | @a978-7-111-20797-9@dCNY29.00 | |
| 100 | @a20070327d2007 em y0chiy50 ea | |
| 101 | 0 | @achi |
| 102 | @aCN@b110000 | |
| 105 | @ay z 000yy | |
| 200 | 1 | @a物业管理@Awu ye guan li@f寿金宝,王照雯主编 |
| 210 | @a北京@c机械工业出版社@d2007 | |
| 215 | @a259页@d24cm | |
| 300 | @a高职高专房地产类专业实用教材 | |
| 330 | @a本书介绍了物业管理的基本知识、我国物业管理的规律体系、物业管理项目的招投标、物业服务合同管理、物业管理的主要内容与基本程序、房屋建筑维修管理、房屋设备设施维修管理、物业管理档案的建立与管理等内容。 | |
| 606 | 0 | @a物业管理@y中国@x高等教育@j教材 |
| 606 | 0 | @a物业管理 |
| 690 | @aF293.233@v4 | |
| 701 | 0 | @a寿金宝@Ashou jin bao@4主编 |
| 701 | 0 | @a王照雯@Awang zhao wen@4主编 |
| 801 | 0 | @aCN@bNLC@c20101222 |
| 905 | @a10447@dF293.233@eJY116 | |
| 物业管理/寿金宝,王照雯主编.-北京:机械工业出版社,2007 |
| 259页;24cm |
| 高职高专房地产类专业实用教材 |
| ISBN 978-7-111-20797-9:CNY29.00 |
| 本书介绍了物业管理的基本知识、我国物业管理的规律体系、物业管理项目的招投标、物业服务合同管理、物业管理的主要内容与基本程序、房屋建筑维修管理、房屋设备设施维修管理、物业管理档案的建立与管理等内容。 |
| ● |
| 相关链接 |
|
|
|
|
正题名:物业管理
索取号:F293.233/JY116
 
预约/预借
| 序号 | 登录号 | 条形码 | 馆藏地/架位号 | 状态 | 备注 |
| 1 | 7813739 | 278137393 | 学院路分馆/ [索取号:F293.233/JY116] | 在馆 | |
| 2 | 7813740 | 278137400 | 学院路分馆/ [索取号:F293.233/JY116] | 在馆 |